<?xml version="1.0" encoding="UTF-8"?>
<record
    xmlns:xsi="http://www.w3.org/2001/XMLSchema-instance"
    xsi:schemaLocation="http://www.loc.gov/MARC21/slim http://www.loc.gov/standards/marcxml/schema/MARC21slim.xsd"
    xmlns="http://www.loc.gov/MARC21/slim">

  <leader>     nam a22     7a 4500</leader>
  <datafield tag="999" ind1=" " ind2=" ">
    <subfield code="c">150885</subfield>
    <subfield code="d">150883</subfield>
  </datafield>
  <controlfield tag="005">20190903123252.0</controlfield>
  <controlfield tag="008">190903b        mx||||| |||| 00| 0 spa d</controlfield>
  <datafield tag="020" ind1=" " ind2=" ">
    <subfield code="a">9701852451</subfield>
  </datafield>
  <datafield tag="050" ind1="0" ind2="4">
    <subfield code="a">LC1203.M4 </subfield>
    <subfield code="b">I57 2000</subfield>
  </datafield>
  <datafield tag="240" ind1=" " ind2=" ">
    <subfield code="a">203 p.</subfield>
    <subfield code="h">Ils. ;</subfield>
    <subfield code="l">22 cm.</subfield>
  </datafield>
  <datafield tag="245" ind1="0" ind2="0">
    <subfield code="a">La integraci&#xF3;n educativa en el aula regular :</subfield>
    <subfield code="b">Principios, finalidades y estrategias</subfield>
    <subfield code="c">Ismael Garc&#xED;a Cedillo...( et al. ).                                         </subfield>
  </datafield>
  <datafield tag="260" ind1=" " ind2=" ">
    <subfield code="a">M&#xE9;xico :</subfield>
    <subfield code="b">Secretar&#xED;a de Educaci&#xF3;n P&#xFA;blica,</subfield>
    <subfield code="c">2000</subfield>
  </datafield>
  <datafield tag="440" ind1=" " ind2=" ">
    <subfield code="a">Integraci&#xF3;n educativa, materiales de trabajo</subfield>
  </datafield>
  <datafield tag="651" ind1=" " ind2=" ">
    <subfield code="a">Integraci&#xF3;n en la educaci&#xF3;n -- M&#xE9;xico</subfield>
    <subfield code="x"> Educaci&#xF3;n </subfield>
  </datafield>
  <datafield tag="700" ind1="1" ind2=" ">
    <subfield code="a">Cedillo Garc&#xED;a, Ismael...( et al. ).  </subfield>
  </datafield>
  <datafield tag="942" ind1=" " ind2=" ">
    <subfield code="2">lcc</subfield>
    <subfield code="c">LIB</subfield>
  </datafield>
  <datafield tag="952" ind1=" " ind2=" ">
    <subfield code="1">0</subfield>
    <subfield code="2">lcc</subfield>
    <subfield code="4">0</subfield>
    <subfield code="7">0</subfield>
    <subfield code="a">LIC-047-1</subfield>
    <subfield code="b">LIC-047-1</subfield>
    <subfield code="c">GENERAL</subfield>
    <subfield code="d">2019-09-03</subfield>
    <subfield code="e">DON</subfield>
    <subfield code="f">1a.</subfield>
    <subfield code="i">CS</subfield>
    <subfield code="k">EH</subfield>
    <subfield code="o">LC1203.M4 I57 2000</subfield>
    <subfield code="p">BCCH000001275</subfield>
    <subfield code="r">2019-09-03 00:00:00</subfield>
    <subfield code="t">1</subfield>
    <subfield code="v">1.00</subfield>
    <subfield code="y">LIB</subfield>
  </datafield>
</record>
